000 00571nam a2200229Ia 4500
003 OSt
005 20220924132730.0
006 a|||||r|||| 00| 0
007 ta
008 220923b |||||||| |||| 00| 0 fre d
024 _a140092
037 _cTextual
040 _aARTS
_cARTS
_bfre
041 _2fre
_afre
082 _aY1:1.6544.N5, 122K2
100 _aMercier P
_9204848
245 0 _aCivilisation du Benin
260 _c1962
650 _aSOCIOLOGY
942 _hY1:1.6544.N5, 122K2
_cTEXL
_2CC
999 _c431327
_d431327